00517nam a2200193 a 4500001001300000003000900013005001700022008004100039020002300080082001700103100002200120245004700142260003700189300000900226500003500235505001000270650001700280650002600297nice12345678IN_TiNIC20260116013244.0050524s1995 newa grp 000 0 eng  a8124649 c60000a303.482bFRI aFriedman, Maurice aIntercultural Dialogue and the Human Image aNew Delhi bDk Printworld c1995 a299p aincludes index and biblioraphy2 aIndex aAnthropology aHumanistic Psychology